000 01476cam a22004454i 4500
003 PE-LiUPU
005 20250731173136.0
008 150623s r 000 0 d
020 _a0904748677
035 _a(Sirsi) i9780904748673
040 _aPE-LiUPU
_bspa
_cPE-LiUPU
_erda
049 _aPRUA
082 0 4 _a221.077
_bD95
_221
100 1 _aDown, Kendall K.,
_eautor.
245 1 0 _aDaniel Hostage in Babylon /
_cKendall K. Down.
264 1 _aAlma Park, Grantham, Lincolnshire :
_bThe Stanborough Press Limited,
_c1991.
300 _a117 páginas :
_bilustraciones Gráfs. ;
_c21 centímetros
336 _atext
_2rdacontent
337 _aunmediated
_2rdamedia
338 _avolume
_2rdacarrier
505 0 _aComentario del libro de Daniel.
526 _aSEG42
526 _aSEG41
526 _aSEG40
526 _aSEG39
526 _aP94
526 _aP87
526 _aP86
526 _aP85
526 _aP77
526 _aP76
526 _aP35
630 _aBiblia.
_pA.T.
_pDaniel
_xComentarios.
942 _2ddc
_cBOOK
949 _a221.077 D95
_wDEWEY
_c1
_i52257
_lCCODEBUL1
_mBUL
_p8.00
_r0
_sY
_tBOOK
_u2015-6-24
_xTEOLOGIA
_PP35
_0COMPRA
_o.STAFF. Colección General
994 _aC0
_bPEPRU
596 _a1
999 _a221.077 D95
_wDEWEY
_c34073
_i52257
_f2021-11-9
_g5
_lCCODEBUL1
_mBUL
_p8.00
_r0
_sY
_tBOOK
_u2015-6-24
_xTEOLOGIA
_PP35
_0COMPRA
_o.STAFF. Colección General
_d34073
980 _81
_gALBERTO SANCHEZ Responsable de Automatización